BIBLIOTHÈQUE DE LA MAISON DU MEXIQUE

Logo 1 Logo 2

Ventana al interior (notice nᵒ 3598)

détails MARC
000 -Sello discográfico
campo de control de longitud fija 00789nam a2200277 4500
005 - Identificación de versión
campo de control 20251017062708.0
035 ## - Otros números de control del sistema
Número de control del sistema 13610
099 ## - fechas locales
Tipo de ítem Koha LIBRO
100 ## - Datos de procesamiento general
Datos de procesamiento general 19980617d1948 m y1spay5003 ba
105 ## - Campo de datos codificados: Material textual, monográfico
Datos codificados de monografía y 001gy
200 1# - Título y mención de responsabilidad
Título propio Ventana al interior
Designación general del material texto impreso
Otra información del título prosas
Primer mención de responsabilidad Enriqueta de Parodi
Declaración de responsabilidad subsiguiente prólogo Ernesto Higuera
210 ## - Publicación, distribución, etc.
Lugar de publicación, distribución, etc. México
Nombre del editor, distribuidor, etc. [s.n.]
Fecha de publicación, distribución, etc. 1948
215 ## - Descripción física
Designación de material específico y extensión del ítem 256 p
Dimensiones 22 cm
345 ## - Nota de información de adquisición
Fuente de adquisición/dirección de la suscripción [OBSOLETO] Donación
606 ## - Término temático usado como materia
Elemento de entrada Poesía mexicana
Subdivisión cronológica Siglo XX
Número Koha 10
660 ## - Código de área geográfica
Código MX
700 ## - Nombre personal - Responsabilidad primaria
Elemento de entrada Montaño Parodi
Parte del nombre distinta del elemento de entrada Enriqueta
Fechas 1897-1976
Número Koha 7247
702 ## - Nombre personal - Responsabilidad secundaria
Elemento de entrada Higuera
Parte del nombre distinta del elemento de entrada Ernesto
Número Koha 7248
801 #0 - Fuente de origen
Agencia cm
900 ## -
-- 1/17503
900 ## -
-- 710989107\\170698
942 ## - ELEMENTOS DE ENTRADA SECUNDARIOS (KOHA)
Tipo de ítem Koha Livre
996 ## -
-- MEX
-- 751145101
-- MMAG
-- 010315
-- 861.4 P257VE
-- 20240531LIV
Exemplaires
Estatus retirado Estado de daño Estado de pérdida Fecha de adquisición Biblioteca de origen Biblioteca actual Ubicación en estantería Código de barras Precio de reemplazo Signatura topográfica completa No para préstamo Tipo de ítem Koha Nota pública Nota no pública
      05/08/2025 Casa México Paris Casa México Paris   010315 05/08/2025 861.4 P257VE   Livre 20240531LIV 751145101